Stati per numero di Lingue ufficiali riconosciute - Statistics

Statistiche generali
  • Questo quiz è stato fatto 20 volte
  • Il punteggio medio è 8 su 18
Statistiche sulle risposte
Numero di lingue ufficiali Continente Nazione % Corretto
37 America del Sud Bolivia
78%
4 Europa Svizzera
78%
12 Africa Sudafrica
72%
3 Oceania Nuova Zelanda
67%
3 Oceania Papua Nuova Guinea
67%
3 Oceania Figi
56%
3 America del Sud Ecuador
50%
3 Europa Belgio
44%
3 Europa Lussemburgo
33%
3 Oceania Vanuatu
33%
3 Africa Guinea Equatoriale
28%
4 Africa Ruanda
28%
16 Africa Zimbabwe
28%
3 Africa Burundi
22%
4 Asia Singapore
22%
3 Europa Bosnia ed Erzegovina
17%
3 Africa Seychelles
17%
3 Africa Comore
11%
Nessun quiz corrispondente trovato
Distribuzione punteggi
Percentuale di utenti per punteggio
Percentile per numero di risposta
I tuoi punteggi nel tempo
Non hai fatto questo quiz